Gendering the Middle East : emerging perspectives
Αποθηκεύτηκε σε:
| Άλλοι συγγραφείς: | |
|---|---|
| Μορφή: | Βιβλίο |
| Γλώσσα: | English |
| Δημοσίευση: |
London :
I. B. Tauris,
1996
|
| Θέματα: | |
| Ετικέτες: |
Προσθήκη ετικέτας
Δεν υπάρχουν, Καταχωρήστε ετικέτα πρώτοι!
|
MARC
| LEADER | 00000nam a2200000 i 4500 | ||
|---|---|---|---|
| 001 | 1/7593 | ||
| 008 | 970603s1996 eng d | ||
| 020 | |a 1-85043-949-4 | ||
| 035 | |l 10016761 | ||
| 040 | |a GR-MY-UA |b gre |e aacr | ||
| 041 | 0 | |a eng | |
| 082 | 0 | |a 305.40956 | |
| 245 | 1 | 0 | |a Gendering the Middle East : |b emerging perspectives / |c Edited by Deniz Kandiyoti |
| 260 | |a London : |b I. B. Tauris, |c 1996 | ||
| 300 | |a 177 p. | ||
| 650 | 0 | 0 | |a Women |z Middle East |x History. |
| 650 | 0 | 0 | |a Feminism |x Religious aspects |z Islam. |
| 650 | 0 | 0 | |a Feminism |z Middle East. |
| 700 | 1 | |a Kandiyoti, Deniz. |4 edt | |
| 852 | |a INST |b LESVOS |e 19970603 |h 305.40956 GEN |p 005100011093 |q 005100011093 |t BK |y 0 | ||
| 909 | |a Λ |b 049368 | ||
| 922 | |a 1ΕΛΗ |b 199612 |c ΦΙΛΙΠΠΑΚΗ | ||
| 950 | |a 050/1996-02-06 | ||